الفن الإسلامي في إسبانيا / (Record no. 6352)
[ view plain ]
| 000 -الفاتح | |
|---|---|
| حقل البيانات ثابتة الطول | 01424nac a22002891u 4500 |
| 003 - محدد رقم الضبط | |
| رقم الضبط | OSt |
| 005 - وقت وتاريخ اخر تعامل مع التسجيلة | |
| رقم الضبط | 20221010105257.0 |
| 008 - عناصر البيانات ثابتة الطول - معلومات عامة | |
| حقل البيانات ثابتة الطول | 110111s1977 ua a f b 000 0 ara d |
| 017 ## - رقم الإيداع القانونى | |
| رقم الإيداع القانونى | 1978 / 3204 |
| 020 ## - الرقم الدولى المعيارى للكتب | |
| الرقم الدولى المعيارى للكتاب | 9772012742 |
| 040 ## - مصدر الفهرسة | |
| وكالة الفهرسة الأصلية | EG-ScBUE |
| لغة الفهرسة | ara |
| قواعد الوصف | rda |
| وكالة النسخ | EG-ScBUE |
| وكالة التعديل | EG-ScBUE |
| 043 ## - رمز المنطقة الجغرافية | |
| رمز المنطقة الجغرافية | e-sp--- |
| 082 04 - رقم تصنيف ديوى العشرى | |
| رقم التصنيف | 709.1097671 |
| رقم المادة | م و ر |
| رقم الطبعة | 22 |
| 100 1# - المدخل الرئيسى - إسم شخصى | |
| الإسم الشخصى | جوميث مورينو، مانويل، |
| التواريخ المصاحبة للاسم | 1870-1970، |
| الدور | مؤلف. |
| 9 (RLIN) | 21883 |
| 245 12 - بيان العنوان | |
| العنوان | الفن الإسلامي في إسبانيا / |
| بيان المسئوليه,etc | تأليف مانويل جوميث مورينو ؛ ترجمة الدكتور لطفي عبد البديع، الدكتور السيد محمود عبد العزيز سالم ؛ راجعه الدكتور جمال محمد محرز. |
| 264 #1 - النشر، التوزيع | |
| مكان الناشر او الموزع | القاهرة : |
| اسم الناشر او الموزع | الهيئة المصرية العامة للكتاب، |
| تاريخ النشر أو التوزيع | 1977. |
| 300 ## - الوصف المادى | |
| التعداد | 500 صفحة : |
| تفاصيل ماديه اخرى للوعاء | إيضاحيات ؛ |
| أبعاد الوعاء | 32 سم |
| 504 ## - تبصرة ببليوجرافية | |
| تبصرة ببليوجرافية,الخ | يشتمل على إرجاعات ببليوجرافية. |
| 546 ## - تبصرة اللغة | |
| تبصرة اللغة | النص باللغة العربية وتم ترجمته من اللغة الإسبانية. |
| 650 #7 - المدخل الاضافى بالموضوع-مصطلح موضوعى | |
| مصطلح موضوعي أو اسم جغرافي كعنصر مدخل | الفن الإسلامي |
| التقسيم الفرعي الجغرافي | إسبانيا. |
| مصدر الرأس أو المصطلح | BUEsh |
| 9 (RLIN) | 22007 |
| 653 ## - مصطلح تكشيفى غير مقيد | |
| Resource For college | Arts and Design |
| 655 ## - مصطلح تكشيفى-نوع/شكل | |
| التقسيم الفرعي الشكلي | Reading book |
| 700 1# - المدخل الاضافى - اسم شخصى | |
| الإسم الشخصى | عبد البديع، لطفى، |
| الدور | مترجم. |
| 9 (RLIN) | 15227 |
| 700 1# - المدخل الاضافى - اسم شخصى | |
| الإسم الشخصى | سالم، السيد محمود عبد العزيز، |
| الدور | مترجم. |
| 9 (RLIN) | 21892 |
| 700 1# - المدخل الاضافى - اسم شخصى | |
| الإسم الشخصى | محرز، جمال محمد، |
| الدور | مراجع. |
| 9 (RLIN) | 21884 |
| 942 ## - عناصر المدخل الإضافي( كوها) | |
| Koha [default] item type | Book - Borrowing |
| مصدر التصنيف او مخطط الترفيف | Dewey Decimal Classification |
| حالة التراجع | حالة الفقد | مصدر التصنيف او خطة الترفيف | تحديد مواد ( مجلدات مجمعه أو جزء أخر) | حالة تلف | ليس للاعارة | مجموعات كوها | المكان الدائم | المكان الحالي | موقع الترفيف | تاريخ الاكتساب | Source of acquisition | رقم الاستدعاء | الباركود | Date last seen | نوع الوعاء | مُعار |
|---|---|---|---|---|---|---|---|---|---|---|---|---|---|---|---|---|
| Dewey Decimal Classification | BOX01 | Damaged | Alef-Baa | Central Library | Central Library | Second Floor | 21/11/2007 | 709.1097671 م و ر | 000007909 | 24/08/2016 | Book - Borrowing | |||||
| Dewey Decimal Classification | Alef-Baa | Central Library | Central Library | Second Floor | 20/01/2011 | 709.1097671 م و ر | 000008848 | 15/07/2025 | Book - Borrowing | 08/04/2015 |